Normal view MARC view
  • Secret Files # 11 Robot Rumble: The Hardy Boys

Entry Topical Term

Number of records used in: 1

001 - CONTROL NUMBER

  • control field: 96701

003 - CONTROL NUMBER IDENTIFIER

  • control field: NUST

005 - DATE AND TIME OF LATEST TRANSACTION

  • control field: 20220810111904.0

008 - FIXED-LENGTH DATA ELEMENTS

  • fixed length control field: 220810|| aca||aabn | a|a d

040 ## - CATALOGING SOURCE

  • Original cataloging agency: NUST
  • Transcribing agency: NUST

150 ## - HEADING--TOPICAL TERM

  • Topical term or geographic name entry element: Secret Files # 11 Robot Rumble: The Hardy Boys

670 ## - SOURCE DATA FOUND

  • Source citation: Work cat.: (NUST): Dixon, Franklin W. 14272, HARDY BOYS, 2013.
© 2023 Central Library, National University of Sciences and Technology. All Rights Reserved.